[Event "Siracusa op"]
[Site "Siracusa"]
[Date "2006.09.30"]
[Round "9"]
[White "Pafumi, Francesco"]
[Black "Seminara, Antonio"]
[Result "1-0"]
[WhiteElo "1702"]
[BlackElo "1976"]
[PlyCount "75"]
[EventDate "2006.09.23"]
[EventType "swiss"]
[EventRounds "9"]
[EventCountry "ITA"]
[SourceTitle "EXT 2011"]
[Source "ChessBase"]
[SourceDate "2010.11.26"]
[SourceVersion "1"]
[SourceVersionDate "2010.11.26"]
[SourceQuality "1"]

1. e4 c5 2. Nf3 Nc6 3. c3 d5 4. e5 Bg4 5. d4 e6 6. Be2 Qb6 7. Nbd2 cxd4 8. Nxd4 Bxe2 9. Qxe2 Nxd4 10. cxd4 Ne7 11. Nf3 Nc6 12. 0-0 Rc8 13. Rd1 Be7 14. Bg5 Bxg5 15. Nxg5 h6 16. Nf3 0-0 17. Rd3 Rc7 18. Rc3 Rfc8 19. Rac1 Qa5 20. Qd2 b5 21. Qc2 Nb4 22. Rxc7 Nxc2 23. Rxc8+ Kh7 24. R8xc2 Qxa2 25. h3 b4 26. Ne1 a5 27. Nd3 Qa4 28. Nc5 Qb5 29. b3 Kg6 30. Ra1 Kf5 31. f3 f6 32. g4+ Kf4 33. exf6 gxf6 34. Kf2 Qb6 35. Re1 e5 36. h4 e4 37. Rce2 exf3 38. Re4+ 1-0

[Event "Siracusa op"]
[Site "Siracusa"]
[Date "2006.09.29"]
[Round "8"]
[White "Minniti, Giuseppe"]
[Black "Pafumi, Francesco"]
[Result "1/2-1/2"]
[WhiteElo "1740"]
[BlackElo "1702"]
[PlyCount "107"]
[EventDate "2006.09.23"]
[EventType "swiss"]
[EventRounds "9"]
[EventCountry "ITA"]
[SourceTitle "EXT 2011"]
[Source "ChessBase"]
[SourceDate "2010.11.26"]
[SourceVersion "1"]
[SourceVersionDate "2010.11.26"]
[SourceQuality "1"]

1. e4 e5 2. d4 exd4 3. c3 d5 4. exd5 Qxd5 5. cxd4 Nc6 6. Nf3 Bg4 7. Be2 Nf6 8. Nc3 Qd7 9. 0-0 Bd6 10. Re1 0-0 11. Be3 a6 12. a3 Rfe8 13. b4 Ne7 14. Ne5 Bxe5 15. dxe5 Bxe2 16. Qxe2 Ng4 17. Bf4 Qf5 18. Bg3 Nc6 19. f4 Nd4 20. Qe4 Qxe4 21. Rxe4 Nc2 22. Ra2 Nce3 23. f5 h5 24. e6 c6 25. exf7+ Kxf7 26. Rf4 Rad8 27. h3 Nf6 28. Re2 Rd3 29. Be1 Nfd5 30. Nxd5 cxd5 31. a4 Re5 32. g4 hxg4 33. hxg4 Nxg4 34. Rxe5 Nxe5 35. Bf2 Rd1+ 36. Kg2 Nd3 37. Rf3 Nxf2 38. Rxf2 Rd4 39. Rb2 Rf4 40. b5 Rxa4 41. Rd2 d4 42. bxa6 bxa6 43. Kf3 Kf6 44. Ke4 a5 45. Rg2 d3+ 46. Kxd3 Rf4 47. Rg6+ Kf7 48. Rg5 a4 49. Kc3 Kf6 50. Rg6+ Kxf5 51. Rxg7 Ke6 52. Rb7 Rf3+ 53. Kb2 Kd5 54. Rc7 1/2-1/2

[Event "Siracusa op"]
[Site "Siracusa"]
[Date "2006.09.28"]
[Round "7"]
[White "Pafumi, Francesco"]
[Black "Santagati, Alessandro"]
[Result "0-1"]
[WhiteElo "1702"]
[BlackElo "2116"]
[PlyCount "96"]
[EventDate "2006.09.23"]
[EventType "swiss"]
[EventRounds "9"]
[EventCountry "ITA"]
[SourceTitle "EXT 2011"]
[Source "ChessBase"]
[SourceDate "2010.11.26"]
[SourceVersion "1"]
[SourceVersionDate "2010.11.26"]
[SourceQuality "1"]

1. e4 d6 2. d4 Nf6 3. Nc3 g6 4. Bg5 Bg7 5. Be2 0-0 6. Nf3 Nbd7 7. Qd2 c5 8. d5 a6 9. a4 Qb6 10. 0-0 Qb4 11. Qd3 h6 12. Bd2 Qb6 13. a5 Qc7 14. Nh4 b5 15. axb6 Qxb6 16. Kh1 Ne5 17. Qg3 g5 18. Nf5 Bxf5 19. exf5 Qxb2 20. Ra2 Qb4 21. Rb1 Qd4 22. Rd1 Ne4 23. Nxe4 Qxe4 24. Bxa6 Qxd5 25. c4 Nxc4 26. Qb3 Nb6 27. Qxd5 Nxd5 28. Bc4 Rxa2 29. Bxa2 Nc3 30. Bxc3 Bxc3 31. g4 Ra8 32. Bd5 Ra1 33. Rxa1 Bxa1 34. Kg2 Kg7 35. Kf3 Kf6 36. Ke2 e6 37. Be4 Ke5 38. Kd3 c4+ 39. Ke3 Bd4+ 40. Kf3 Bxf2 41. fxe6 fxe6 42. Bg6 Bc5 43. Ke2 d5 44. Kf3 Kd4 45. Ke2 e5 46. Bf7 c3 47. Kd1 Kd3 48. Bg6+ e4 0-1